000 01582nam a2200265Ia 4500
003 PE SENCICO BE
005 20251020182438.0
008 200515s9999 xx 000 0 und d
040 _aPE SENCICO BE
_cPE SENCICO BE
041 _aspa
082 _a519.5
_bS75
100 1 _aSpiegel, Murray R.
_92962
_eautor
245 1 0 _aEstadística :
_bteoría y 875 problemas resueltos /
_cMurray R. Spiegel
250 _a[1a ed.]
260 _aMéxico, D.F. :
_bMcGraw-Hill ;
_csin año
300 _a357 páginas :
_btablas, gráficos ;
_c25 cm.
490 _aSerie Schaum
505 0 _aVariables y representaciones -- Distribución de frecuencia -- Media, mediana, moda y otras medidas de centralización -- La desviación típica y otras medidas de dispersión -- Momentos, sesgo y curtosis -- Teoría elemental de la probabilidad -- Las distribuciones binomial, normal y de poisson -- Teoría elemental de muestreo -- Teoría de estimación estadística -- Teoría de decisión y estadística, ensayos de hipótesis y significación -- Teoría de pequeñas muestras -- La prueba chi-cuadrado -- Curva de ajuste y método de mínimos cuadrados -- Teoría de la correlación -- Correlación múltiple y parcial -- Análisis de series de tiempo -- Números indice
520 3 _aPresenta una introducción a los principios generales de la estadística de utilidad para todos para se de nivel básico.
650 1 0 _aEstadística
_91473
650 2 0 _aEstadística descriptiva
_9209
650 2 0 _aProbabilidades
_9264
650 2 0 _aMuestreo (Estadística)
_92393
942 _cLIB
_2ddc
999 _c468
_d468